Most Popular Baby Girl Names in Ireland - Statistics

General Stats
  • This quiz has been taken 183 times
  • The average score is 27 of 60
Answer Stats
Answer % Correct
Mary
86%
Mary
86%
Ann
79%
Elizabeth
69%
Emma
69%
Emma
69%
Emma
69%
Sarah
69%
Sarah
69%
Sarah
69%
Sarah
69%
Emily
66%
Emily
66%
Ava
58%
Ava
58%
Laura
56%
Sophie
54%
Sophie
54%
Hannah
53%
Katie
51%
Margaret
51%
Grace
50%
Grace
50%
Ella
49%
Lucy
48%
Lucy
48%
Mia
47%
Aoife
43%
Aoife
43%
Aoife
43%
Niamh
43%
Niamh
43%
Catherine
42%
Catherine
42%
Lauren
42%
Rebecca
42%
Amy
41%
Chloe
40%
Chloe
40%
Jennifer
38%
Anne
36%
Lisa
32%
Lisa
32%
Michelle
32%
Michelle
32%
Fiadh
31%
Karen
31%
Megan
31%
Aisling
29%
Fiona
25%
Sinead
25%
Sinead
25%
Ciara
23%
Ciara
23%
Louise
23%
Sharon
20%
Caroline
19%
Caroline
19%
Deirdre
14%
Amilia
5%
No matching quizzes found
Score Distribution
Percent of People with Each Score
Percentile by Number Answered
Your Score History
You have not taken this quiz